000
00247nam a2200097Ia 4500
008
200302s9999 xx 000 0 und d
100
_a
Author
245
_a
Green Peace viionaries Rabindranath and Geddes
260
_b
Mohor Publication
260
_c
2008
999
_c
5867
_d
5867